| 000 | 01268cam a2200325 a 4500 | ||
|---|---|---|---|
| 999 |
_c531659 _d531659 |
||
| 001 | 4868764 | ||
| 003 | NUST | ||
| 005 | 20191023105458.0 | ||
| 008 | 920519s1993 nyu b 001 0 eng | ||
| 010 | _a 92018452 | ||
| 020 | _a0415088127 | ||
| 038 | _aMSOHAIL | ||
| 040 |
_aDLC _cDLC _dDLC |
||
| 043 |
_an-us--- _an-cn--- _ae-uk--- |
||
| 050 | 0 | 0 |
_aHD205 _b.C85 1993 |
| 082 | 0 | 0 |
_a333.730973 _220 |
| 100 | 1 |
_aCullingworth, J. B. _923610 |
|
| 245 | 1 | 4 |
_aThe political culture of planning : _bAmerican land use planning in comparative perspective / _cJ. Barry Cullingworth. |
| 260 |
_aNew York : _bRoutledge, _c1993. |
||
| 300 |
_axvii, 350 p. ; _c27 cm. |
||
| 504 | _aIncludes bibliographical references (p. [279]-334) and index. | ||
| 650 | 0 |
_aLand use _zUnited States _xPlanning. _921532 |
|
| 650 | 0 |
_aLand use _xLaw and legislation _zUnited States. _924583 |
|
| 650 | 0 |
_aLand use _zCanada _xPlanning. _924584 |
|
| 650 | 0 |
_aLand use _zGreat Britain _xPlanning. _924175 |
|
| 856 | 4 | 2 |
_3Publisher description _uhttp://www.loc.gov/catdir/enhancements/fy0648/92018452-d.html |
| 906 |
_a7 _bcbc _corignew _d1 _eocip _f19 _gy-gencatlg |
||
| 942 |
_2ddc _cBK |
||